00562nam a2200205 a 4500001001300000003000900013005001700022008004100039020000900080082001300089100003000102245005200132260003300184300000900217500003500226505001000261650002500271650003000296700003000326nice12345678IN_TiNIC20260116013345.0050524s1996 dela grp 000 0 eng  ac6000a291bNAD aNadvi, Syed Muzaffaruddin aComparative Study of Islam and Other Religions. aDelhibAdam Publishersc1996 a107p aincludes index and biblioraphy2 aindex aComparative Religion aIslam and Other Religions1 aNadvi, Syed Muzaffaruddin